Statistics for Yakuza 0 Majima Quiz

Click here to take the quiz!

General Stats

  • This quiz has been taken 202 times
  • The average score is 16 of 23

Answer Stats

HintAnswer% Correct
Who is the Protagonist other then Kiryu in Yakuza 0?Goro Majima
99%
Who is Majima's sworn bother? Taiga Saejima
90%
Who did Majima come across after the end credits?Kazama Kiryu
88%
What was the second style that Majima learn? (Color is yellow)Slugger
85%
Who is the owner in the Grand Cabaret?Tsukasa Sagawa
85%
Who makes sure Majima stays in line in Sotenbori and holds the authority to kill him if he feels the need to?Tsukasa Sagawa
85%
Who came to aid Makimura's gun injure?Tsukasa Sagawa
85%
What the third style that Majima learn? (Color is purple)Breaker
84%
Who is Sagawa's sworn brother?Futoshi Shimano
79%
Who did Majima had to kill in order to get himself back to the Tojo clan?Makoto Makimura
79%
What was the first style that you start of with Majima? (Color is blue)Thug
79%
What did Majima said after the end credit?Kiryu-Chan
74%
Who did Majima fought as his final boss fight in Yakuza 0?lao Gui
69%
Who shot Makoto after her negotiation with Sohei Dojima?Lao Gui
69%
What is the name of Majima's legend style? (Color is dark purple)Mad Dog of Shimano
69%
What default weapon does Majima use for Slugger style?Baseball Bat
67%
Who shielded Majima from Sohei Dojima's hitman?Hiroki Awano
65%
What family does Majima and Sagawa serve?The Shimano Family
54%
Who shielded Majima from getting shot from the police?Homare Nishitani
53%
What cabaret club did Majima work?The Grand Cabaret
49%
What default weapon does Majima use for his legend style?Demonfire Dagger
40%
Where did Majima find Makimura?Massage parlor
38%
Who looked out for Makimura before the Tojo clan got involved with herWen Hai Lee
37%

Score Distribution

Percentile by Number Answered

Percent of People with Each Score

Your Score History

You have not taken this quiz